El orígen del hombre y su evolución /
Guardado en:
| Autor Principal: | |
|---|---|
| Otros Autores: | |
| Formato: | Libro |
| Publicado: |
Buenos Aires :
Aique,
2000
|
| Series: | Polimodal
|
| Materias: | |
| Etiquetas: |
Agregar Etiqueta
Sin Etiquetas, Sea el primero en etiquetar este registro!
|
| LEADER | 01227nam a22002535a 4500 | ||
|---|---|---|---|
| 001 | CEM.cems010641 | ||
| 008 | 130507s2000##################000#0#####d | ||
| 005 | 20211206185718.0 | ||
| 003 | CEMS | ||
| 245 | 1 | 0 | |a El orígen del hombre y su evolución / |c Elsa Meinardi, A. Revel Chion |
| 260 | |a Buenos Aires : |b Aique, |c 2000 | ||
| 300 | |a 28 p. | ||
| 490 | 0 | |a Polimodal | |
| 505 | 0 | |a En busca del origen -- Algunos conceptos clave para comprender la evolución del hombre -- Darwin, los monos y el hombre -- El primer homínido -- La evolución de la marcha humana -- El proceso de hominización paso a paso -- Los primeros pobladores de América -- Los indispensables métodos de fechamiento -- La evolución cultural -- La enorme importancia del registro fósil -- Razas humanas y racismo | |
| 020 | |a 9507016090 | ||
| 100 | 1 | |a Meinardi, Elsa | |
| 700 | 1 | |a Revel Chion, A. | |
| 082 | 0 | 4 | |a 574 |
| 653 | |a Biología | ||
| 653 | |a Biología-polimodal | ||
| 859 | |a CEMS |b BIB. CEMS - 11 de abril |h 574 |i M477-1 |p 21230.01 |t Ej.1 | ||
| 859 | |a CEMS |b BIB. CEMS - Agricultura |h 574 |i M477-1 |p A0340.01 |t Ej.1 | ||
| 859 | |a CEMS |b BIB. CEMS - 11 de abril |h 574 |i M477-1 |p 21408.01 |t Ej.2 | ||
| 859 | |a CEMS |b BIB. CEMS - 11 de abril |h 574 |i M477-1 |p 21409.01 |t Ej.3 | ||
